000 00950nam1a22002531i 4500
001 v19\rc\1899501
005 20240723202403.0
035 _a(NLR Aleph) 004990605
090 _a6281913
_c6281913
100 _a20080404d1911 |||y0rusy50 ca
101 0 _arus
102 _aRU
105 _a j |||||
200 1 _aОпыт записок по стратегии
_eЛекции, чит. в февр. и марте 1911 г. на воен.-мор. отд-нии Николаев. мор. акад. Ч. -2
_fПолк. Кладо
210 _a[Санкт-Петербург
_d1911
215 _d29
300 _aАвт. указан в конце текста ч. 2
309 _aНапеч. на пиш. маш. Литогр.
700 1 _aКладо
_bН.Л.
_f1862-1919
_gНиколай Лаврентьевич
801 0 _aRU
_bNLR
_gpsbo
801 0 _aRU
_bRuMoRGB
_2psbo
801 1 _aRU
_bProSoft-M
_2rusmarc
852 _aNLR
_j72-8/1065
942 _cBOOK